Open Data Biblioteca Nacional de Portugal


República Portuguesa: Ministério da Cultura
Biblioteca Nacional de Portugal

Catálogo da BNP: acesso por Identificadores Unívocos
Registos Bibliográficos associados ao registo de autoridade

Etiqueta de registo: 00254nam 2200025 450
001 2176156
003 http://id.bnportugal.gov.pt/bib/catbnp/2176156
010 ## $a978-989579643-4
021 ## $aPT$b532156/24
100 ## $a20240808d2024 m y0pory01030103ba
101 0# $aeng
102 ## $aPT
105 ## $ay z 000gy
106 ## $ar
200 1# $aWhat I wrote on my notes app$fCamille Greenwood
205 ## $a1ª ed
210 #9 $aCarnaxide$cCordel d'Prata, $d2024
215 ## $a241, [1] p.$d2024
675 ## $a821.134.3-1"20"$vBN$zpor$31023893
675 ## $a821.134.3-84"20"$vBN$zpor$31092794
700 #1 $bGreenwood,$aCamille,$cpseud.$31924153
801 #0 $aPT$bBN$gRPC
856 41 $uhttp://rnod.bnportugal.gov.pt/ImagesBN/winlibimg.aspx?skey=&doc=2176156&img=196900&save=true
900 ## $aBIBNAC$d20240829
966 ## $lBN$mFGMON$sL. 172362 V.$x1
971 ## $corlando$d20240808
972 ## $e0$z0$d20240829$vasantos
973 ## $ctrodrigues$d20240809

OpendataBNP@bnportugal.pt | Mais informação sobre acesso aos dados BNP